| 000 | 00600nam a22002057a 4500 | ||
|---|---|---|---|
| 005 | 20251108170757.0 | ||
| 008 | 250721s1993 xx 000 0 ara d | ||
| 082 | 1 | 4 | _aط/345.02/جرا |
| 100 | 1 | _aجراهام، إيان | |
| 245 | 1 | 0 | _aمكافحة الجريمة / |
| 264 | 1 |
_aالقاهرة : _bسفير، _c1993. |
|
| 300 | _a44ص | ||
| 490 | 0 | _aعلوم في دائرة الضوء | |
| 650 | 1 | 7 | _aبصمات الأصابع |
| 650 | 1 | 7 | _aالجريمة |
| 650 | 1 | 7 | _aمكافحة الجريمة |
| 700 | 1 |
_aالمجدوب، أحمد _eترجمة |
|
| 942 |
_2ddc _cBK |
||
| 999 |
_c48754 _d48754 |
||